| 000 | 01178 a2200289 4500 | ||
|---|---|---|---|
| 020 | _a0071375678 | ||
| 040 |
_aLibrary of Congress _bEnglish |
||
| 082 | 0 | 0 | _a515.076 |
| 100 | 1 | _aWrede, Robert C. | |
| 245 | 1 | 0 | _aSchaum's outline of theory and problems of advanced calculus |
| 246 | 3 | 0 | _aTheory and problems of advanced calculus |
| 246 | 3 | 0 | _aAdvanced calculus |
| 250 |
_a2nd ed. / _bRobert Wrede, Murray R. Spiegel. |
||
| 260 |
_aNew York : _bMcGraw Hill, _cc2002. |
||
| 300 |
_aviii, 433 p. : _bill. ; _c28 cm. |
||
| 490 | 0 | _aSchaum's outline series | |
| 500 | _aRev. ed. of: Schaum's outline of theory and problems of advanced calculus / Deborah C. Arangno, Murray R. Spiegel. c2000. | ||
| 500 | _aIncludes index. | ||
| 650 | 0 | _aCalculus | |
| 650 | 0 | _aCalculus | |
| 700 | 1 | _aSpiegel, Murray R. | |
| 700 | 1 | _aArangno, Deborah C. | |
| 856 | 4 | 2 |
_3Publisher description _uhttp://www.loc.gov/catdir/description/mh031/2002282157.html |
| 856 | 4 | 2 |
_3Table of contents _uhttp://www.loc.gov/catdir/toc/mh031/2002282157.html |
| 856 | 4 | 2 |
_3Contributor biographical information _uhttp://www.loc.gov/catdir/enhancements/fy0739/2002282157-b.html |
| 942 |
_cBK _k515.076 WRE _2ddc |
||
| 999 |
_c8050 _d8050 |
||